000 01129nabaa22002177a 4500
999 _c6182
_d6182
003 OSt
005 20260125002037.0
008 190701b xxu||||| |||| 00| 0 spa d
040 _cPJ
100 _96924
_aBonadeo, Mariela
245 1 3 _aValidez constitucional del DNU 70/2023 :
_banálisis de los pronunciamientos de la Corte Suprema y tribunales inferiores /
_cMariela Bonadeo.
300 _ap. 67-94
500 _aCita: TR LALEY AR/DOC/1894/2024
505 _aSumario: I. Introducción.— II. Génesis y evolución de los decretos de necesidad y urgencia.— III. El control de constitucionalidad.— IV. La noción de caso o causa judicial.— V. Análisis de algunas causas que versan sobre el DNU 70/2023.— VI. Conclusiones.
505 _t¿Te interesa el texto completo? Comunicate al correo: koha@justierradelfuego.gov.ar
650 0 _9211
_aDERECHO ADMINISTRATIVO
650 0 _aADMINISTRACION PUBLICA
_9877
650 0 _aDECRETOS DE NECESIDAD Y URGENCIA
_9200
773 0 _02842
_93251
_dBuenos Aires : AbeledoPerrot, 2012-
_oDA121
_tDerecho administrativo. Nº 154 julio/agosto 2024
_z18510590
942 _2udc
_cANA